• 首页
  • 本馆介绍
  • 公告通知
  • 最新文献
  • 馆藏检索
  • 电子资源
  • 读者导购
  • 参考咨询
  • 我的图书馆
  • 登录
  • 详细信息显示
  • 放入我的书架
  • 预约/预借图书
  • 作者相关作品
  • 分类相关作品
  • 丛书相关作品
  • 出版社相关作品

书目信息

  • 表格格式
  • 工作单格式
  • 卡片格式
题名:
秋收起义
    
 
作者: 《秋收起义》写作组编写
分册:  
出版信息: 上海   上海人民出版社  1977
页数: 80页
开本: 19cm
丛书名:
单 册:
中图分类: K263.2
科图分类:
主题词: 秋收起义
电子资源:
ISBN:
000 00518nam0 2200205 45
001 0177000379
005 20060731093116.75
010    @dCNY0.17
100    @a19951018d1977 em y0chiy0121 ea
101 0  @achi
102    @aCN@b310000
105    @af z 000yy
200 10 @a秋收起义@Aqiu shou qi yi@f《秋收起义》写作组编写
210    @a上海@c上海人民出版社@d1977
215    @a80页@c插图@d19cm
606    @a秋收起义
690    @aK263.2@v3
801  2 @aCN@bNLC@c20060731
801  0 @aCN@bTSSF
905    @a10447@dK263.2@e19
    
    秋收起义/《秋收起义》写作组编写.-上海:上海人民出版社,1977
    80页:插图;19cm
    
    
    ISBN :CNY0.17
    
●
相关链接 在E读中查询图书 在五车中查询图书 在当当中查询图书 在豆瓣中查询图书


正题名:秋收起义     索取号:K263.2/19         预约/预借

序号 登录号 条形码 馆藏地/架位号 状态 备注
1 0443848   204438484   密集书库/ [索取号:K263.2/19] 在馆    
唐山师范学院图书馆 欢迎您!
大连网信软件有限公司© 版权所有